| 000 | 00699nam a2200241 i 4500 | ||
|---|---|---|---|
| 999 |
_c7824 _d7824 |
||
| 001 | Rebiun34193750 | ||
| 003 | OSt | ||
| 005 | 20231205114003.0 | ||
| 007 | ta | ||
| 008 | 230919s2023 sp f 000 0 spa d | ||
| 017 |
_aB 12665-2023, _bBiblioteca de Catalunya |
||
| 020 | _a9788419392305 | ||
| 040 |
_aBUH _dUGR _erda _bcat _cCDMR |
||
| 080 | _a327 | ||
| 080 | _a947 | ||
| 100 |
_aBonet, Pilar _94914 |
||
| 245 | 1 | 0 |
_aNáufragos del imperio : _bapuntes fronterizos / _cPilar Bonet |
| 260 |
_aBarcelona : _bGalaxia Gutenberg, _c2023 |
||
| 300 |
_a271 p. ; _c21 cm |
||
| 650 | 0 |
_aConflicte d'Ucraïna, 2014- _94915 |
|
| 651 | 0 |
_aUcraïna _94916 _xPolítica i govern _yS. XXI |
|
| 942 |
_2udc _cMON |
||